[Event "Quebec-ch U18"]
[Site "Montreal"]
[Date "2018.01.13"]
[Round "2"]
[White "Saine, Zachary"]
[Black "Turgeon, Yoakim"]
[Result "1/2-1/2"]
[WhiteElo "1999"]
[BlackElo "1809"]
[PlyCount "90"]
[EventDate "2018.01.12"]
[EventType "tourn"]
[EventRounds "6"]
[EventCountry "CAN"]
[SourceTitle "EXT 2022"]
[Source "ChessBase"]
[SourceDate "2021.10.06"]
[SourceVersion "1"]
[SourceVersionDate "2021.10.06"]
[SourceQuality "1"]

1. e4 e5 2. Nf3 Nc6 3. Bc4 Bc5 4. c3 Nf6 5. d4 exd4 6. cxd4 Bb4+ 7. Bd2 Bxd2+ 8. Nbxd2 d5 9. exd5 Nxd5 10. Qb3 Nce7 11. 0-0 0-0 12. Rfe1 c6 13. Rac1 Qb6 14. Ne4 Qxb3 15. Bxb3 h6 16. Nc3 Be6 17. Nxd5 Nxd5 18. Bxd5 Bxd5 19. Re7 Rfd8 20. b3 Kf8 21. Rc7 a5 22. Ne5 Rac8 23. Rxb7 c5 24. Ra7 cxd4 25. Rxc8 Rxc8 26. h3 Rc1+ 27. Kh2 Be4 28. f3 d3 29. Rd7 Bf5 30. Rd4 Rc2 31. a4 Rc3 32. Nc4 Rxb3 33. Nxa5 Ra3 34. Nc6 f6 35. a5 Ra2 36. Kg3 g5 37. f4 d2 38. Kf3 Bc2 39. Rxd2 Be4+ 40. Kxe4 Rxd2 41. a6 Ra2 42. a7 Ke8 43. Kf5 Kd7 44. Nd4 Rxa7 45. Kxf6 gxf4 1/2-1/2